Levantamiento rápido de planos al alcance de todos / (Record no. 164617)

MARC details
000 -LEADER
campo de control de longitud fija 00802nam a2200205 i 4500
001 - NÚMERO DE CONTROL
campo de control 164617
003 - IDENTIFICADOR DE NÚMERO DE CONTROL
campo de control ES-MaACL
005 - FECHA Y HORA DE LA ÚLTIMA TRANSACCIÓN
campo de control 20250902233442.0
008 - DATOS DE LONGITUD FIJA--INFORMACIÓN GENERAL
campo de control de longitud fija 020905s1900 sp |||| | spa d
040 ## - FUENTE DE CATALOGACIÓN
Centro catalogador/agencia de origen EUS
Lengua de catalogación spa
Centro/agencia transcriptor EUS
100 1# - ENTRADA PRINCIPAL--NOMBRE DE PERSONA
Nombre de persona Sánchez y Lozano, Eusebio.
9 (RLIN) 133038
245 10 - MENCIÓN DEL TÍTULO
Título Levantamiento rápido de planos al alcance de todos /
Mención de responsabilidad, etc. por Eusebio Sánchez y Lozano.
250 ## - MENCION DE EDICION
Mención de edición 2ª ed.
260 ## - PUBLICACIÓN, DISTRIBUCIÓN, ETC.
Lugar de publicación, distribución, etc. Madrid :
Nombre del editor, distribuidor, etc. [s.n.],
Fecha de publicación, distribución, etc. 1900 (
Fabricante Establecimiento tipográfico de San Francisco de Sales)
300 ## - DESCRIPCIÓN FÍSICA
Extensión [17], 46-111 p. :
Otras características físicas il. ;
Dimensiones 28 cm.
596 ## - NOTA AL PIE DE IMPRENTA
NOTA AL PIE DE IMPRENTA En cub.: 1901.
650 #7 - PUNTO DE ACCESO ADICIONAL DE MATERIA--TÉRMINO DE MATERIA
Término de materia o nombre geográfico como elemento de entrada Ingeniería industrial
Fuente del encabezamiento o término embne
9 (RLIN) 136288
852 ## - LOCALIZACIÓN
Ubicación ES-MaACL
Número de control de estantería T-1025-F-7
Nota libre -- Enc. hol. conservando la cub. original
-- -- Ex-libris de Antonio Gascon
-- -- Enc. en un vol. facticio
Holdings
Estatus retirado Estado de pérdida Estado de daño No para préstamo Colección Biblioteca de origen Biblioteca actual Ubicación en estantería Fecha de adquisición Total de préstamos Signatura topográfica completa Código de barras Visto por última vez Precio de reemplazo Tipo de ítem Koha
        Colección de folletos Biblioteca del Ateneo de Madrid Biblioteca del Ateneo de Madrid Depósito folletos 17/01/2008   T-1025-F-7 1172563 23/02/2023 23/02/2023 Folleto